Statistics for Bundesliga Logo Quiz

Click here to take the quiz!

General Stats

  • This quiz has been taken 2,672 times
    (2,512 since last reset)
  • The average score is 16 of 18

Answer Stats

Answer% Correct
Bayern Munchen
97%
Wolfsburg
97%
Dortmund
94%
Leverkusen
93%
Schalke
92%
Eintracht Frankfurt
89%
Redbull Leipzig
89%
SC Freiburg
89%
Köln
88%
FSV Mainz
86%
Hertha Berlin
86%
VFB Stuttgart
86%
Werder Bremen
86%
Hoffenheim
85%
Union Berlin
85%
Augsburg
84%
Mönchengladbach
82%
Vfl Bochum
81%

Score Distribution

Percentile by Number Answered

Percent of People with Each Score

Your Score History

You have not taken this quiz since the last reset